Elenca la formazione - Quiz n°262 - Statistics

Statistiche generali
  • Questo quiz è stato fatto 49 volte
  • Il punteggio medio è 8 su 11
Statistiche sulle risposte
Ruolo Club dell'epoca Calciatore % Corretto
Portiere Tottenham Hugo Lloris
100%
Attaccante Atletico Madrid Antoine Griezmann
93%
Centrocampista Juventus Paul Pogba
91%
Difensore Juventus Patrice Evra
83%
Centrocampista Paris Saint-Germain Blaise Matuidi
80%
Attaccante Arsenal Olivier Giroud
78%
Centrocampista West Ham Utd Dimitri Payet
72%
Difensore Arsenal Laurent Koscielny
63%
Difensore Manchester City Bacary Sagna
57%
Difensore Olympique Lione Samuel Umtiti
39%
Centrocampista Newcastle Utd Moussa Sissoko
35%
Nessun quiz corrispondente trovato
Distribuzione punteggi
Percentuale di utenti per punteggio
Percentile per numero di risposta
I tuoi punteggi nel tempo
Non hai fatto questo quiz